El evangelio según Lucas

Saved in:
Bibliografiske detaljer
Hovedforfatter: Fitzmyer, Joseph A (Author)
Format: Bog
Sprog:spansk
Udgivet: Madrid Ediciones Cristiandad 1986
Fag:
Tags: Tilføj Tag
Ingen Tags, Vær først til at tagge denne postø!

MARC

LEADER 00000cam a2200000 a 4500
001 UCF8404
003 CL-VaPUC
008 130829e19860000sp |||||||||||||||||spa|d
020 |a 8470573950o.c 
020 |a 8470573969t.1 
020 |a 8470574086t.2 
020 |a 847057423Xt.3 
082 0 4 |a 226.4  |b FIT  |2 21 
100 0 |a Fitzmyer, Joseph A  |e author  |9 570469 
245 1 3 |a El evangelio según Lucas 
300 |a t 
942 |c BK 
945 |d 20130829 16:45:00  |a dcastane 
260 |a Madrid  |b Ediciones Cristiandad  |c 1986 
500 |a t.1: introducción general 
500 |a t.2: traducción y comentario capítulos 1-8, 21 
500 |a t.3: traducción y comentario capítulos 8, 22-18, 14 
600 0 7 |a SAN LUCAS  |2 CL-VaPUC  |9 368585 
650 0 |a Evangelios  |9 314864 
650 0 |a Nuevo testamento  |9 257604 
583 |a last modification  |c 20130829 16:45:00  |k Rodrigo Vera 
999 |c 352976  |d 352974 
952 |0 0  |1 0  |3 erb  |4 0  |6 226_400000000000000_FIT_1986  |7 0  |8 A  |9 457776  |a BIBTEO  |b BIBTEO  |d 2019-11-23  |h t.1  |i 5000866  |o 226.4 FIT 1986  |p 5000866  |r 2025-01-17  |w 2019-11-23  |y BK  |z Catalogado en:20130829  |k ICR 
952 |0 0  |1 0  |3 erb  |4 0  |6 226_400000000000000_FIT_1986  |7 0  |8 A  |9 457777  |a BIBTEO  |b BIBTEO  |d 2019-11-23  |h t.2  |i 5000874  |l 1  |o 226.4 FIT 1986  |p 5000874  |r 2025-01-17  |s 2024-10-18  |w 2019-11-23  |y BK  |z Catalogado en:20130829  |k ICR 
952 |0 0  |1 0  |3 erb  |4 0  |6 226_400000000000000_FIT_1986  |7 0  |8 A  |9 457778  |a BIBTEO  |b BIBTEO  |d 2019-11-23  |h t.3  |i 5000882  |o 226.4 FIT 1986  |p 5000882  |r 2025-01-17  |w 2019-11-23  |y BK  |z Catalogado en:20130829  |k ICR